Právne predpoklady podnikania poisťovní a zaisťovní

Gespeichert in:
Bibliographische Detailangaben
1. Verfasser: Majtánová, Anna
Format: Buchkapitel
Sprache:Slowakisch
Schlagworte:
Tags: Tag hinzufügen
Keine Tags, Fügen Sie das erste Tag hinzu!

MARC

LEADER 00000naa$a2200000$$$4500
001 0190206
005 20240502073211.7
041 0 |a slo 
044 |a SK 
245 1 0 |a Právne predpoklady podnikania poisťovní a zaisťovní  |c Anna Majtánová 
610 2 0 |a poisťovníctvo 
610 2 0 |a poisťovne 
610 2 0 |a zaisťovne 
610 2 0 |a poisťovne komerčné 
610 2 0 |a poistenie 
610 2 0 |a právo poistné 
610 2 0 |a trh poistný 
610 2 0 |a normy právne 
100 1 |a Majtánová, Anna